| 000 | 00937nam a22001937a 4500 | ||
|---|---|---|---|
| 999 |
_c28965 _d28965 |
||
| 003 | BDDh-ASL | ||
| 005 | 20231015031004.0 | ||
| 008 | 220620s1989 b ||||| |||| 00| 0 b d | ||
| 040 | _cBDDh-ASL | ||
| 082 |
_a297 _bHAM |
||
| 100 | 1 |
_96342 _aহাজ্জাজ, ইমাম আবুল হুসায়ন মুসলিম ইবনুল |
|
| 245 | 1 |
_aমুসলিম শরীফ: _bপ্রথম খণ্ড / _cমাওলানা উবায়দুল হক ও অন্যান্য (সম্পা.)। |
|
| 246 | _aMuslim Sharif. Volume-01. | ||
| 260 |
_aঢাকা: _bইসলামিক ফাউন্ডেশন বাংলাদেশ, _c১৯৮৯। |
||
| 300 |
_a৪১৫ পৃষ্ঠা: _c২৫ সে.মি. |
||
| 650 | 0 |
_96085 _aইসলাম ধর্ম (Islamic Religion) |
|
| 700 | 1 |
_96343 _aহক, উবায়দুল _cমাওলানা |
|
| 942 |
_2ddc _cBK |
||